000 00448cam a2200145 4500500
005 20251012003916.0
041 _afre
042 _adc
100 1 0 _aGamblin, Guillaume
_eauthor
245 0 0 _aMarcher pour relier les humains… et les luttes
260 _c2020.
500 _a72
786 0 _nSilence | 491 | 9 | 2020-07-07 | p. 4-4 | 0756-2640
856 4 1 _uhttps://shs.cairn.info/revue-silence-2020-9-page-4?lang=fr&redirect-ssocas=7080
999 _c1513584
_d1513584